Principles Of Macroeconimcs / (Record no. 168053)

MARC details
000 -LEADER
fixed length control field 00728nam a22002177a 4500
005 - DATE AND TIME OF LATEST TRANSACTION
control field 20190925161744.0
010 ## - LCCN (DPL NO)
LC control number ENG-126548
020 ## - INTERNATIONAL STANDARD BOOK NUMBER
Terms of availability 625.00
International Standard Book Number 9789353439835
035 ## - SYSTEM CONTROL NUMBER
System control number EN-110080
037 ## - SOURCE OF ACQUISITION
Source of stock number/acquisition DBAD/PUB
082 ## - DEWEY DECIMAL CLASSIFICATION NUMBER
Classification number 339
Edition number 12th
100 ## - MAIN ENTRY--PERSONAL NAME
Personal name Case, karl E.
245 ## - TITLE STATEMENT
Title Principles Of Macroeconimcs /
Statement of responsibility, etc By Karl E. Case
260 ## - PUBLICATION, DISTRIBUTION, ETC. (IMPRINT)
Place of publication, distribution, etc Noida
Name of publisher, distributor, etc Pearson India education services pvt. ltd
Date of publication, distribution, etc 2020
270 ## - ADDRESS
City U.P
Address 15th floor,tower-b,world trade tower ,plot no. 1,bllock -c,sector 16 Noida
Postal code 201301
Electronic mail address companysecretary.india@pearson.com
Telephone number 04466540100
300 ## - PHYSICAL DESCRIPTION
Extent 473p.
Dimensions 27cm,(pbk)
500 ## - GENERAL NOTE
General note including index
700 ## - ADDED ENTRY--PERSONAL NAME
Personal name Fair, Ray C.
700 ## - ADDED ENTRY--PERSONAL NAME
Personal name Oster, Sharon E.
942 ## - ADDED ENTRY ELEMENTS (KOHA)
Source of classification or shelving scheme Dewey Decimal Classification
Item type English Books
Classification part 339
Call number suffix CAS
Holdings
Withdrawn status Lost status Not for loan Collection code Home library Current library Date acquired Source of acquisition Cost, normal purchase price Full call number Barcode Copy number Cost, replacement price Koha item type
      Non-fiction Shahdara Branch Shahdara Branch 25/09/2019 DBAD/PUB 625.00 339 CAS EN-110080 1 625.00 English Books

© Delhi Public Library
Hit Counter
free hit counter